| 000 | 00693nam a22002052 4500 | ||
|---|---|---|---|
| 001 | 0000018773 | ||
| 005 | 20151217152134.0 | ||
| 008 | 100629s xx 000 0 eng d | ||
| 020 | _a0309036275 : | ||
| 040 |
_aKABU _cKABU |
||
| 245 | 1 | 0 |
_aPesticide resistance : _bstrategies and tactics for management / _cNational Research Council (U. S. A.) |
| 250 | _a1st ed. | ||
| 260 |
_aWashington, D. C. : _bNational Research Council, _c1985. |
||
| 300 | _axi, 471 p. | ||
| 650 | 0 |
_aPesticide resistance _vCongresses. _@0000178156 |
|
| 710 | 2 |
_aNational Research Council (U. S. A.) _@0000178157 |
|
| 852 | 1 | _9p500 KES | |
| 908 | _a100629 | ||
| 950 | _@1 | ||
| 999 |
_c8646 _d8646 |
||